Milady's HAIR-CARE PRODUCT & INGREDIENTS DICTIONARY / (Record no. 24028)
[ view plain ]
| 000 -LEADER | |
|---|---|
| fixed length control field | 00704nam a2200253#a 4500 |
| 001 - CONTROL NUMBER | |
| control field | 02470 |
| 003 - CONTROL NUMBER IDENTIFIER | |
| control field | HDC |
| 007 - PHYSICAL DESCRIPTION FIXED FIELD--GENERAL INFORMATION | |
| fixed length control field | ta |
| 008 - FIXED-LENGTH DATA ELEMENTS--GENERAL INFORMATION | |
| fixed length control field | 230623s2004 xx 000 0 eng d |
| 020 ## - INTERNATIONAL STANDARD BOOK NUMBER | |
| International Standard Book Number | 9781562539191 |
| Qualifying information | paperback |
| 040 ## - CATALOGING SOURCE | |
| Original cataloging agency | HDC |
| 050 ## - LIBRARY OF CONGRESS CALL NUMBER | |
| Classification number | ref TT 969 |
| Item number | .H35 2004 |
| 100 ## - MAIN ENTRY--PERSONAL NAME | |
| Personal name | Halal, John |
| Relator term | author |
| 245 #0 - TITLE STATEMENT | |
| Title | Milady's HAIR-CARE PRODUCT & INGREDIENTS DICTIONARY / |
| Statement of responsibility, etc. | JOHN HALAL |
| 264 ## - PRODUCTION, PUBLICATION, DISTRIBUTION, MANUFACTURE, AND COPYRIGHT NOTICE | |
| Place of production, publication, distribution, manufacture | Clifton Park, New York : |
| Name of producer, publisher, distributor, manufacturer | Delmar Learning, |
| Date of production, publication, distribution, manufacture, or copyright notice | 2004 |
| 300 ## - PHYSICAL DESCRIPTION | |
| Extent | vi, 196 pages ; |
| Dimensions | 22cm |
| 504 ## - BIBLIOGRAPHY, ETC. NOTE | |
| Bibliography, etc. note | Bibliography: pages 197-200 |
| 650 ## - SUBJECT ADDED ENTRY--TOPICAL TERM | |
| Topical term or geographic name entry element | Hair preparations |
| General subdivision | Dictionaries |
| 650 ## - SUBJECT ADDED ENTRY--TOPICAL TERM | |
| Topical term or geographic name entry element | Hair |
| General subdivision | Care and hygiene |
| 942 ## - ADDED ENTRY ELEMENTS (KOHA) | |
| Source of classification or shelving scheme | Library of Congress Classification |
| 942 ## - ADDED ENTRY ELEMENTS (KOHA) | |
| Koha item type | Book |
| 942 ## - ADDED ENTRY ELEMENTS (KOHA) | |
| Call number prefix | ref TT 969 |
| 942 ## - ADDED ENTRY ELEMENTS (KOHA) | |
| Call number suffix | .H35 2004 |
| Withdrawn status | Lost status | Source of classification or shelving scheme | Damaged status | Not for loan | Collection | Home library | Current library | Shelving location | Date acquired | Total checkouts | Full call number | Date last seen | Price effective from | Koha item type |
|---|---|---|---|---|---|---|---|---|---|---|---|---|---|---|
| Library of Congress Classification | Non-fiction | Halal Development Corporation Library | Halal Development Corporation Library | Reference | 17/11/2020 | ref TT 969 .H35 2004 | 24/05/2023 | 24/05/2023 | Book |
